Modernség és modernitás

Elmentve itt :
Bibliográfiai részletek
További közreműködők: Balázs Gábor
Gábor György
Gyenge Zoltán
Laczkó Sándor
Vörös Kata
Dokumentumtípus: Könyv
Megjelent: Szeged University Press Szeged 2025
Sorozat:Litterae Humaniores
Kulcsszavak:Kultúrfilozófia - tanulmányok, Holokauszt - tanulmányok, Antiszemitizmus - tanulmányok, Zsidóüldözés - 1939-1945 - tanulmányok
Tárgyszavak:
Online Access:http://acta.bibl.u-szeged.hu/89386
LEADER 01102nam a2200313 i 4500
001 acta89386
005 20260216094540.0
008 260211s2025 hu o 000 hun d
020 |a 978-963-688-090-3 
022 |a 3057-9929 
040 |a SZTE Egyetemi Kiadványok Repozitórium  |b hun 
041 |a hun 
041 |a eng 
245 0 0 |a Modernség és modernitás  |h [elektronikus dokumentum] 
260 |a Szeged University Press  |b Szeged  |c 2025 
300 |a 350 
490 0 |a Litterae Humaniores 
650 4 |a Társadalomtudományok 
650 4 |a Szociológia 
650 4 |a Bölcsészettudományok 
650 4 |a Történettudomány és régészet 
650 4 |a Filozófia, etika és vallástudományok 
695 |a Kultúrfilozófia - tanulmányok, Holokauszt - tanulmányok, Antiszemitizmus - tanulmányok, Zsidóüldözés - 1939-1945 - tanulmányok 
700 0 1 |a Balázs Gábor 
700 0 1 |a Gábor György 
700 0 1 |a Gyenge Zoltán 
700 0 1 |a Laczkó Sándor 
700 0 1 |a Vörös Kata 
856 4 0 |u http://acta.bibl.u-szeged.hu/89386/1/litterae_humaniores_2025_003.pdf  |z Dokumentum-elérés